[Event "Icelandic Open 2019"]
[Site "Akureyri"]
[Date "2019.05.31"]
[Round "8.11"]
[White "Kristjansson, Olafur"]
[Black "Ruelland, Geoffrey"]
[Result "1/2-1/2"]
[WhiteElo "2069"]
[BlackElo "1955"]
[Annotator "NA"]
[PlyCount "56"]
[EventDate "2019.05.25"]
[EventType "swiss"]
[EventCountry "ISL"]
[SourceTitle "playchess.com"]
[Source "ChessBase"]
[SourceQuality "1"]
[TimeControl "40/5400+30:1800+30"]

1. e4 {[%emt 0:00:00]} c5 {[%emt 0:00:17]} 2. Nf3 {[%emt 0:00:00]} e6 {[%emt 0:00:22]} 3. d4 {[%emt 0:00:00]} cxd4 {[%emt 0:00:22]} 4. Nxd4 {[%emt 0:00:00]} Nf6 {[%emt 0:00:50]} 5. Nc3 {[%emt 0:00:05]} d6 {[%emt 0:00:20]} 6. Be2 {[%emt 0:07:27]} Nc6 {[%emt 0:01:43]} 7. Be3 {[%emt 0:00:33]} a6 {[%emt 0:01:57]} 8. g4 {[%emt 0:03:40]} Qc7 {[%emt 0:05:57]} 9. g5 {[%emt 0:05:13]} Nd7 {[%emt 0:00:15]} 10. O-O {[%emt 0:03:01]} Be7 {[%emt 0:03:27]} 11. f4 {[%emt 0:01:56]} b5 {[%emt 0:05:19]} 12. f5 {[%emt 0:02:10]} Nde5 {[%emt 0:02:23]} 13. fxe6 {[%emt 0:07:30]} fxe6 {[%emt 0:03:05]} 14. Nxc6 {[%emt 0:11:18]} Qxc6 {[%emt 0:08:14]} 15. Qd4 {[%emt 0:03:28]} Qc5 {[%emt 0:17:00]} 16. Qd2 {[%emt 0:07:28]} Bxg5 {[%emt 0:14:57]} 17. Bxc5 {[%emt 0:01:00]} Bxd2 {[%emt 0:00:08]} 18. Bxd6 {[%emt 0:01:03]} Be3+ {[%emt 0:00:35]} 19. Kg2 {[%emt 0:04:13]} Nf7 {[%emt 0:03:30]} 20. Bb4 {[%emt 0:04:00]} Bd7 {[%emt 0:01:32]} 21. a4 {[%emt 0:08:02]} bxa4 {[%emt 0:02:23]} 22. Nxa4 {[%emt 0:00:05]} Bc6 {[%emt 0:03:12]} 23. Bd3 {[%emt 0:05:24]} a5 {[%emt 0:15:22]} 24. Bc5 {[%emt 0:07:31]} Bxc5 {[%emt 0:01:46]} 25. Nxc5 {[%emt 0:00:07]} Ke7 {[%emt 0:01:57]} 26. Nxe6 {[%emt 0:08:24]} Kxe6 {[%emt 0:00:16]} 27. Bc4+ {[%emt 0:00:06]} Kd6 {[%emt 0:00:05]} 28. Rxf7 {[%emt 0:01:43]} Bxe4+ {[%emt 0:00:08]} 1/2-1/2

[Event "Icelandic Open 2019"]
[Site "Akureyri"]
[Date "2019.05.31"]
[Round "8.12"]
[White "Dietzsch, Herbert"]
[Black "Briem, Benedikt"]
[Result "1/2-1/2"]
[WhiteElo "2059"]
[BlackElo "1811"]
[Annotator "NA"]
[PlyCount "35"]
[EventDate "2019.05.25"]
[EventType "swiss"]
[EventCountry "ISL"]
[SourceTitle "playchess.com"]
[Source "ChessBase"]
[SourceQuality "1"]
[TimeControl "40/5400+30:1800+30"]

1. e4 {[%emt 0:00:00]} d5 {[%emt 0:00:00]} 2. exd5 {[%emt 0:00:00]} Qxd5 {[%emt 0:00:00]} 3. Nc3 {[%emt 0:00:08]} Qd6 {[%emt 0:00:00]} 4. Nf3 {[%emt 0:00:58]} Nf6 {[%emt 0:00:02]} 5. h3 {[%emt 0:00:04]} c6 {[%emt 0:00:15]} 6. d4 {[%emt 0:02:56]} Bf5 {[%emt 0:01:22]} 7. Bd3 {[%emt 0:03:25]} Bxd3 {[%emt 0:00:54]} 8. Qxd3 {[%emt 0:00:09]} Nbd7 {[%emt 0:00:47]} 9. Bg5 {[%emt 0:09:14]} e6 {[%emt 0:01:56]} 10. O-O {[%emt 0:12:25]} Be7 {[%emt 0:00:52]} 11. Rfe1 {[%emt 0:01:47]} O-O {[%emt 0:02:35]} 12. Rad1 {[%emt 0:09:56]} Rfe8 {[%emt 0:05:48]} 13. a3 {[%emt 0:07:44]} Qc7 {[%emt 0:07:43]} 14. Ne5 {[%emt 0:18:56]} Rad8 {[%emt 0:06:11]} 15. Qg3 {[%emt 0:01:33]} Nh5 {[%emt 0:21:58]} 16. Qf3 {[%emt 0:05:21]} Nxe5 {[%emt 0:03:49]} 17. Qxh5 {[%emt 0:01:50]} Ng6 {[%emt 0:03:02]} 18. Bxe7 {[%emt 0:06:33]} 1/2-1/2

[Event "Icelandic Open 2019"]
[Site "Akureyri"]
[Date "2019.05.31"]
[Round "8.13"]
[White "Barthel, Ansgar"]
[Black "Sigurdarson, Tomas Veigar"]
[Result "0-1"]
[WhiteElo "2062"]
[BlackElo "1994"]
[Annotator "NA"]
[PlyCount "66"]
[EventDate "2019.05.25"]
[EventType "swiss"]
[EventCountry "ISL"]
[SourceTitle "playchess.com"]
[Source "ChessBase"]
[SourceQuality "1"]
[TimeControl "40/5400+30:1800+30"]

1. e4 {[%emt 0:00:00]} e6 {[%emt 0:00:00]} 2. d4 {[%emt 0:00:00]} d5 {[%emt 0:00:03]} 3. Nc3 {[%emt 0:00:00]} Bb4 {[%emt 0:00:10]} 4. exd5 {[%emt 0:00:00]} exd5 {[%emt 0:00:08]} 5. Bd3 {[%emt 0:00:04]} Nc6 {[%emt 0:03:25]} 6. a3 {[%emt 0:00:08]} Ba5 {[%emt 0:02:57]} 7. Nge2 {[%emt 0:05:10]} Nge7 {[%emt 0:02:14]} 8. O-O {[%emt 0:04:31] C01: French: Exchange Variation} Bb6 {[%emt 0:03:01]} (8... O-O 9. Bg5 f6 10. Be3 Bf5 11. Nf4 Bxc3 12. bxc3 Qd7 13. c4 Bxd3 14. Qxd3 Rad8 15. Rab1 b6 16. Rb5 dxc4 17. Qxc4+ {0-1 (48) Hou,Y (2680)-Mamedyarov,S (2804) Wijk aan Zee 2018}) 9. Na4 $146 {[%emt 0:14:38]} ({Predecessor:} 9. Be3 Bf5 10. Ng3 Bxd3 11. Qxd3 Qd7 12. Rfe1 O-O 13. Na4 Nd8 14. Bg5 f6 15. Nxb6 axb6 {1-0 (43) Moskalenko,V (2520)-Almeida Quintana,O (2425) Solsona 2003}) 9... Bxd4 {[%emt 0:13:06]} 10. Nxd4 {[%emt 0:00:39]} Nxd4 {[%emt 0:00:06]} 11. Re1 {[%emt 0:16:07]} Bf5 {[%emt 0:20:19]} 12. Nc5 {[%emt 0:28:31]} b6 {[%emt 0:09:19]} 13. Bg5 {[%emt 0:08:53]} f6 {[%emt 0:09:06]} 14. Bxf6 {[%emt 0:04:48]} gxf6 {[%emt 0:05:33]} 15. Bxf5 {[%emt 0:00:46]} bxc5 {[%emt 0:00:41]} 16. Qh5+ {[%emt 0:00:07]} Kf8 {[%emt 0:00:19]} 17. Be6 {[%emt 0:06:29]} Nxe6 {[%emt 0:07:08]} 18. Rxe6 {[%emt 0:00:04]} Ng6 {[%emt 0:01:18]} 19. Rae1 {[%emt 0:00:17]} Kg7 {[%emt 0:00:57]} 20. f4 {[%emt 0:04:11]} f5 {[%emt 0:03:53]} 21. Qxf5 {[%emt 0:00:30]} Rf8 {[%emt 0:00:05]} 22. Qg4 {[%emt 0:00:12]} Kh8 {[%emt 0:02:40]} 23. g3 {[%emt 0:01:02]} Nxf4 {[%emt 0:01:55]} 24. Re7 {[%emt 0:00:36]} Ng6 {[%emt 0:00:11]} 25. R7e6 {[%emt 0:01:20]} Rf6 {[%emt 0:01:54]} 26. R6e2 {[%emt 0:01:46]} Qf8 {[%emt 0:00:16]} 27. h4 {[%emt 0:00:14]} Nf4 {[%emt 0:01:17]} 28. Re5 {[%emt 0:00:39]} Rg6 {[%emt 0:01:20]} 29. Qd7 {[%emt 0:00:47]} Rxg3+ {[%emt 0:01:47]} 30. Kf2 {[%emt 0:00:37]} Nd3+ {[%emt 0:02:32]} 31. Kxg3 {[%emt 0:00:38]} Qf4+ {[%emt 0:00:05] Double Attack} 32. Kh3 {[%emt 0:00:41]} Nxe5 {[%emt 0:01:03]} 33. Qxd5 {[%emt 0:00:45]} Qf5+ {[%emt 0:00:06]} 0-1

[Event "Icelandic Open 2019"]
[Site "Akureyri"]
[Date "2019.05.31"]
[Round "8.14"]
[White "Pupols, Viktors"]
[Black "Pinto, Mark"]
[Result "1/2-1/2"]
[WhiteElo "2023"]
[BlackElo "2082"]
[Annotator "NA"]
[PlyCount "108"]
[EventDate "2019.05.25"]
[EventType "swiss"]
[EventCountry "ISL"]
[SourceTitle "playchess.com"]
[Source "ChessBase"]
[SourceQuality "1"]
[TimeControl "40/5400+30:1800+30"]

1. d4 {[%emt 0:00:00]} g6 {[%emt 0:00:00]} 2. Nf3 {[%emt 0:00:03]} Bg7 {[%emt 0:00:00]} 3. g3 {[%emt 0:00:29]} d5 {[%emt 0:00:00]} 4. c3 {[%emt 0:00:32]} Nf6 {[%emt 0:00:00]} 5. Bg2 {[%emt 0:00:19]} O-O {[%emt 0:00:05]} 6. O-O {[%emt 0:00:13]} c6 {[%emt 0:02:53]} 7. Nbd2 {[%emt 0:00:33]} Nbd7 {[%emt 0:00:16]} 8. Qc2 {[%emt 0:00:44] D02: 1 d4 d5 2 Nf3 sidelines, including 2...Nf6 3 g3 and 2...Nf6 3 Bf4} (8. Re1 c5 9. a4 cxd4 10. cxd4 a5 11. Nb1 Nb8 12. Nc3 Nc6 13. Ne5 Bf5 14. Bg5 Nb4 15. Rc1 Ne4 16. Be3 Nxc3 17. bxc3 {1-0 (28) Kramnik,V (2800)-Dubov,D (2701) Moscow 2018}) 8... b6 {[%emt 0:07:18]} 9. e4 {[%emt 0:00:40]} dxe4 {[%emt 0:00:12]} 10. Nxe4 {[%emt 0:00:04]} Bb7 {[%emt 0:00:04]} 11. Nxf6+ $146 {[%emt 0:00:43]} ({Predecessor:} 11. Re1 c5 12. Nxf6+ Bxf6 13. Bh6 Re8 14. Rad1 cxd4 15. Nxd4 {½-½ (15) Zhelesny,S (2194)-Adamowicz,K (2103) Moscow 2011}) 11... exf6 {[%emt 0:07:24]} 12. Bf4 {[%emt 0:01:41]} c5 {[%emt 0:01:09]} 13. dxc5 {[%emt 0:08:45]} Nxc5 {[%emt 0:00:09]} 14. Rad1 {[%emt 0:01:05]} Qc8 {[%emt 0:00:17]} 15. Rfe1 {[%emt 0:01:58]} Re8 {[%emt 0:00:27]} 16. Rxe8+ {[%emt 0:04:44]} Qxe8 {[%emt 0:00:15]} 17. Ne1 {[%emt 0:00:25]} Bxg2 {[%emt 0:00:13]} 18. Nxg2 {[%emt 0:00:18]} f5 {[%emt 0:02:33]} 19. Qd2 {[%emt 0:08:11]} Ne6 {[%emt 0:03:54]} 20. Qd7 {[%emt 0:03:50]} Nc5 {[%emt 0:01:28]} 21. Qxe8+ {[%emt 0:01:52]} Rxe8 {[%emt 0:00:02]} 22. Kf1 {[%emt 0:00:13]} h5 {[%emt 0:05:06]} 23. Ne1 {[%emt 0:06:19]} Bf6 {[%emt 0:07:05]} 24. h4 {[%emt 0:00:21]} Re4 {[%emt 0:07:36]} 25. Bd6 {[%emt 0:09:25]} Ne6 {[%emt 0:02:48]} 26. f4 {[%emt 0:01:49]} Ra4 {[%emt 0:04:45]} 27. a3 {[%emt 0:00:29]} Rc4 {[%emt 0:03:14]} 28. Kf2 {[%emt 0:12:43]} a5 {[%emt 0:00:39]} 29. Nc2 {[%emt 0:01:18]} Rc6 {[%emt 0:07:50]} 30. Ne3 {[%emt 0:04:05]} Kg7 {[%emt 0:00:29]} 31. a4 {[%emt 0:01:53]} Kh6 {[%emt 0:06:24]} 32. Rd3 {[%emt 0:00:54]} Kg7 {[%emt 0:00:12]} 33. Ke2 {[%emt 0:01:26]} Kh6 {[%emt 0:02:13]} 34. Kd2 {[%emt 0:00:56]} Kg7 {[%emt 0:00:19]} 35. Ba3 {[%emt 0:07:38]} Rc7 {[%emt 0:15:10]} 36. Nd5 {[%emt 0:06:17]} Rb7 {[%emt 0:00:33]} 37. Kc2 {[%emt 0:01:16]} Bd8 {[%emt 0:00:33]} 38. Bd6 {[%emt 0:01:06]} b5 {[%emt 0:02:49]} 39. axb5 {[%emt 0:00:00]} Rxb5 {[%emt 0:00:00]} 40. c4 {[%emt 0:00:00]} Rb7 {[%emt 0:00:00]} 41. Ba3 {[%emt 0:05:54]} a4 {[%emt 0:04:00]} 42. Nc3 {[%emt 0:08:42]} Ra7 {[%emt 0:02:14]} 43. Nb5 {[%emt 0:01:41]} (43. Rd5 $16) 43... Ra8 {[%emt 0:02:08]} 44. Rd7 {[%emt 0:01:18]} Bf6 {[%emt 0:01:53]} 45. Nd6 {[%emt 0:05:33]} Bd4 {[%emt 0:06:17]} 46. Nxf7 {[%emt 0:01:01]} Kg8 {[%emt 0:00:50]} 47. Ng5 {[%emt 0:06:17]} Nxg5 {[%emt 0:00:13]} 48. Rxd4 {[%emt 0:00:31]} Ne4 {[%emt 0:00:12]} 49. Rd3 {[%emt 0:03:10]} Kf7 {[%emt 0:00:41]} 50. b4 {[%emt 0:00:47]} (50. c5 $16) 50... axb3+ {[%emt 0:00:08]} 51. Rxb3 {[%emt 0:00:40]} Rc8 {[%emt 0:00:36]} 52. Rb7+ {[%emt 0:02:56]} Kg8 {[%emt 0:01:52]} 53. Bb2 $11 {[%emt 0:00:17]} Rxc4+ {[%emt 0:00:17]} 54. Kd3 {[%emt 0:00:21]} Rc6 {[%emt 0:01:52]} 1/2-1/2

[Event "Icelandic Open 2019"]
[Site "Akureyri"]
[Date "2019.05.31"]
[Round "8.15"]
[White "Johannsson, Birkir Isak"]
[Black "Petursson, Gudni"]
[Result "1-0"]
[WhiteElo "1981"]
[BlackElo "2045"]
[Annotator "NA"]
[PlyCount "145"]
[EventDate "2019.05.25"]
[EventType "swiss"]
[EventCountry "ISL"]
[SourceTitle "playchess.com"]
[Source "ChessBase"]
[SourceQuality "1"]
[TimeControl "40/5400+30:1800+30"]

1. d4 {[%emt 0:00:00]} Nf6 {[%emt 0:00:00]} 2. c4 {[%emt 0:00:00]} e6 {[%emt 0:00:00]} 3. Nf3 {[%emt 0:00:00]} b6 {[%emt 0:00:00]} 4. g3 {[%emt 0:00:00]} Bb7 {[%emt 0:00:00]} 5. Bg2 {[%emt 0:00:00]} d5 {[%emt 0:00:31]} 6. cxd5 {[%emt 0:00:07]} exd5 {[%emt 0:00:07]} 7. O-O {[%emt 0:00:22]} Be7 {[%emt 0:00:08]} 8. Nc3 {[%emt 0:00:05]} O-O $11 {[%emt 0:00:07]} 9. Bf4 {[%emt 0:00:02]} Na6 {[%emt 0:03:01]} 10. Rc1 {[%emt 0:02:00]} c5 {[%emt 0:00:42]} 11. Qc2 {[%emt 0:01:16]} Nb4 {[%emt 0:03:05]} 12. Qb1 {[%emt 0:04:41]} Nc6 {[%emt 0:02:51]} 13. Rfd1 {[%emt 0:08:56]} c4 {[%emt 0:07:26]} 14. Ne5 {[%emt 0:05:58]} Na5 {[%emt 0:01:48]} 15. Bg5 {[%emt 0:10:25]} a6 {[%emt 0:08:07]} 16. Bxf6 {[%emt 0:06:57]} Bxf6 {[%emt 0:00:20]} 17. Qf5 {[%emt 0:00:30]} g6 {[%emt 0:08:30]} 18. Qf3 {[%emt 0:10:32]} Bxe5 {[%emt 0:01:39]} 19. dxe5 {[%emt 0:00:36]} d4 {[%emt 0:01:41]} 20. Qf4 {[%emt 0:00:31]} Bxg2 {[%emt 0:04:23]} 21. Rxd4 {[%emt 0:03:13]} Qe7 {[%emt 0:01:51]} 22. Kxg2 {[%emt 0:00:09]} Nc6 {[%emt 0:01:21]} 23. Rxc4 {[%emt 0:05:06]} Nxe5 {[%emt 0:00:39]} 24. Nd5 {[%emt 0:05:57]} Qd6 {[%emt 0:00:10]} 25. Nf6+ {[%emt 0:01:47]} Kg7 {[%emt 0:00:19]} 26. Re4 {[%emt 0:00:33]} Qxf6 {[%emt 0:00:35]} 27. Qxe5 {[%emt 0:00:09]} Qxe5 {[%emt 0:00:11]} 28. Rxe5 {[%emt 0:00:02]} Rac8 {[%emt 0:00:21]} 29. Rxc8 {[%emt 0:08:27]} Rxc8 {[%emt 0:00:01]} 30. Re3 {[%emt 0:00:29]} Rc2 {[%emt 0:00:32]} 31. Rb3 {[%emt 0:00:07]} b5 {[%emt 0:00:17]} 32. Kf3 {[%emt 0:01:00]} Kf6 {[%emt 0:00:11]} 33. Ra3 {[%emt 0:01:26]} Rxb2 {[%emt 0:00:18]} 34. Rxa6+ {[%emt 0:00:03]} Kg7 {[%emt 0:00:18]} 35. g4 {[%emt 0:00:35]} b4 {[%emt 0:00:09]} 36. h4 {[%emt 0:00:35]} b3 {[%emt 0:00:09]} 37. axb3 {[%emt 0:00:05]} Rxb3+ {[%emt 0:00:08]} 38. e3 {[%emt 0:00:03]} Rb5 {[%emt 0:00:22]} 39. Ra4 {[%emt 0:05:35]} h5 {[%emt 0:00:20]} 40. gxh5 {[%emt 0:00:00]} Rxh5 {[%emt 0:00:00]} 41. Kg4 {[%emt 0:02:27]} Rb5 {[%emt 0:00:22]} 42. f3 {[%emt 0:01:08]} Rb1 {[%emt 0:00:11]} 43. Ra5 {[%emt 0:03:42]} Rg1+ {[%emt 0:00:45]} 44. Kh3 {[%emt 0:00:38]} Rh1+ {[%emt 0:00:18]} 45. Kg3 {[%emt 0:00:04]} Rg1+ {[%emt 0:00:47]} 46. Kh2 {[%emt 0:00:06]} Re1 {[%emt 0:00:22]} 47. e4 {[%emt 0:00:11]} Rb1 {[%emt 0:01:02]} 48. h5 {[%emt 0:01:14]} gxh5 {[%emt 0:00:05]} 49. Rxh5 {[%emt 0:00:05]} Rc1 {[%emt 0:00:55]} 50. Kg3 {[%emt 0:00:13]} Rc6 {[%emt 0:00:59]} 51. Kf4 {[%emt 0:00:23]} Ra6 {[%emt 0:00:12]} 52. Rg5+ {[%emt 0:00:20]} Kf6 {[%emt 0:00:19]} 53. Rg8 {[%emt 0:00:18]} Rb6 {[%emt 0:00:32]} 54. e5+ {[%emt 0:00:39]} Ke7 {[%emt 0:00:29]} 55. Kf5 {[%emt 0:00:27]} Ra6 {[%emt 0:02:00]} 56. Rb8 {[%emt 0:01:05]} Ra7 {[%emt 0:00:21]} 57. Rb6 {[%emt 0:00:27]} Rc7 {[%emt 0:00:09]} 58. f4 {[%emt 0:00:18]} Ra7 {[%emt 0:00:05]} 59. Kg5 {[%emt 0:02:06]} Ra1 {[%emt 0:02:09]} 60. Rb7+ {[%emt 0:01:45]} Ke6 {[%emt 0:00:13]} 61. f5+ {[%emt 0:00:31]} Kxe5 {[%emt 0:00:17]} 62. Re7+ {[%emt 0:00:12]} Kd6 {[%emt 0:00:29]} 63. Rxf7 {[%emt 0:14:46]} Re1 {[%emt 0:01:10]} 64. Kf6 {[%emt 0:01:14]} Re8 {[%emt 0:01:29]} 65. Ra7 {[%emt 0:09:24]} Re1 {[%emt 0:01:14]} 66. Kf7 {[%emt 0:02:06]} Rh1 {[%emt 0:00:11]} 67. Ra6+ {[%emt 0:02:57]} Kd7 {[%emt 0:00:09]} 68. f6 {[%emt 0:00:19]} Rg1 {[%emt 0:00:23]} 69. Kf8 {[%emt 0:00:29]} Rg2 {[%emt 0:00:12]} 70. f7 {[%emt 0:00:09]} Rg1 {[%emt 0:00:46]} 71. Ra4 {[%emt 0:00:34]} Rd1 {[%emt 0:00:20]} 72. Rg4 {[%emt 0:01:08]} Rf1 {[%emt 0:01:57]} 73. Kg7 {[%emt 0:00:35]} 1-0

[Event "Icelandic Open 2019"]
[Site "Akureyri"]
[Date "2019.06.01"]
[Round "9.1"]
[White "Kjartansson, Gudmundur"]
[Black "Sokolov, Ivan"]
[Result "0-1"]
[WhiteElo "2454"]
[BlackElo "2593"]
[Annotator "TA"]
[PlyCount "104"]
[EventDate "2019.05.25"]
[EventType "swiss"]
[EventCountry "ISL"]
[SourceTitle "playchess.com"]
[Source "ChessBase"]
[SourceQuality "1"]

{[%evp 9,110,19,24,13,24,27,35,0,7,0,8,0,7,0,27,0,0,0,0,0,0,0,0,0,0,0,0,0,0,0,0,0,0,-85,-60,-85,-77,-72,-59,-131,-124,-140,-141,-145,-128,-187,-151,-245,-91,-212,-211,-223,-231,-241,-219,-544,-518,-486,-382,-344,-279,-291,-272,-225,-170,-220,-232,-211,-231,-433,-150,-312,-311,-274,-272,-245,-212,-342,-137,-327,-326,-299,-277,-302,-258,-271,-271,-425,-435,-429,-420,-379,-351,-639,-629,-2358,-4133,-4133,-4133,-2289,-1226,-6343,-10447]} 1. c4 e5 2. Nc3 Bb4 3. Nd5 Bc5 4. Nf3 c6 5. Nc3 d6 6. e3 {A21: English Opening: 1...e5 2 Nc3} (6. d4 exd4 7. Nxd4 Nf6 8. a3 d5 9. cxd5 Nxd5 10. Nb3 Bb6 11. Nxd5 cxd5 12. g3 Nc6 {1-0 (41) So,W (2765)-Saric,I (2690) chess.com INT 2019}) 6... Qe7 7. d4 Bb4 8. Be2 {White is slightly better.} Bxc3+ $146 ({Predecessor:} 8... Nf6 9. O-O e4 10. Ne1 Bxc3 11. bxc3 O-O 12. f4 c5 {1-0 (47) Ferreira,J (2492)-Lupulescu,C (2627) Batumi 2018}) 9. bxc3 c5 10. e4 Nf6 11. Bd3 O-O 12. O-O cxd4 13. cxd4 Bg4 14. h3 Bxf3 15. Qxf3 exd4 16. e5 dxe5 {aiming for ...e4.} 17. Ba3 $1 {[%cal Ra3e7]} Qc7 {Threatens to win with ...Re8.} 18. Bxf8 Kxf8 19. Be4 Nc6 20. Rab1 {Hoping for Rxb7!} Rd8 21. c5 (21. Qa3+ $11 Kg8 22. Bxc6 bxc6 23. Qa6) 21... Kg8 $17 22. Rfd1 Nxe4 23. Qxe4 g6 24. g4 (24. Rb5 $15) 24... Qe7 25. Rb3 Rd7 26. Rdb1 a6 27. R3b2 (27. Kg2 $17 {was necessary.}) 27... Kg7 (27... Qxc5 28. Rxb7 Rd6 29. g5 $15) 28. Kh1 (28. a3 $17) 28... Na5 $2 (28... Qxc5 29. Rxb7 Rd6 30. R7b3 $15) (28... d3 $19 {and Black stays clearly on top.} 29. Rc1 Rd4) 29. Rc1 (29. f4 $17) 29... d3 $19 30. Qe1 Nc6 31. Qe3 e4 32. Rc4 $2 (32. f3 {is more resistant.} exf3 33. Qxf3) 32... Qe5 33. Rd2 Re7 34. Kg2 Qd5 35. Ra4 h5 36. f3 hxg4 {[%cal Re4f3]} 37. hxg4 {[%cal Ra4e4]} exf3+ $1 38. Qxf3 Qxc5 {White must now prevent ...Re3.} 39. Qxd3 $2 (39. Re4 Ne5 40. Qf4) 39... Re3 $2 (39... Re1 $19 {( -> ...Qg1+)} 40. Rd4 Nxd4 41. Qxd4+ Qxd4 42. Rxd4 Re2+ 43. Kf3 Rxa2) 40. Qc4 $2 (40. Qc2 $17 Qe7 41. Rf2) 40... Qe7 $1 (40... Qe5 41. Qf4 $17) 41. Qf1 b5 $1 {[%cal Rb5a4]} ({Weaker is} 41... Qh4 42. Qf4 $17) 42. Rf4 Ne5 43. Qf2 (43. Re2 {was called for.} Nxg4 44. Qa1+ f6 45. Rxe3 Nxe3+ 46. Kf3) 43... Nc4 (43... Qb7+ $19 {is more deadly.} 44. Kg1 Nf3+ 45. Rxf3 Qxf3 46. Qxf3 Rxf3) 44. Rc2 $2 (44. Rdd4 $17) 44... g5 45. Rcxc4 {Strongly threatening Qb2+.} gxf4 ({But not} 45... bxc4 46. Rxf7+ $1 {[%mdl 512]} Qxf7 47. Qxe3 $17) 46. Rxf4 {[%mdl 4096] Endgame KQR-KQR} Re5 47. Qd4 {[#]} f6 $1 48. Kg3 (48. Qd3 $142) 48... Qa3+ 49. Rf3 Qxa2 50. Qa7+ Kg6 ({Less strong is} 50... Qf7 51. Qxa6 Qe7 52. Rd3 $19) 51. Qa8 $2 (51. Qc7) 51... Qe6 {Black is clearly winning.} 52. Kh4 {[#]} b4 {Played: Re5-e4} 0-1

[Event "Icelandic Open 2019"]
[Site "Akureyri"]
[Date "2019.06.01"]
[Round "9.2"]
[White "Steingrimsson, Hedinn"]
[Black "Hillarp Persson, Tiger"]
[Result "0-1"]
[WhiteElo "2549"]
[BlackElo "2563"]
[Annotator "TA"]
[PlyCount "58"]
[EventDate "2019.05.25"]
[EventType "swiss"]
[EventCountry "ISL"]
[SourceTitle "playchess.com"]
[Source "ChessBase"]
[SourceQuality "1"]

{[%evp 12,58,30,25,34,8,26,-29,-21,-35,-35,-39,-15,-30,-32,-34,-24,-107,-66,-150,-128,-180,-157,-183,-170,-189,-117,-168,-110,-161,-159,-238,-248,-200,-187,-318,-321,-286,-233,-280,-271,-563,-565,-704,-698,-683,-670,-29985,-29987]} 1. d4 Nf6 2. c4 e6 3. Nc3 Bb4 4. Qc2 c5 5. dxc5 O-O 6. a3 Bxc5 7. Nf3 Qb6 {E39: Nimzo-Indian: Classical: 4...c5 5 dxc5 0-0} 8. e4 Ng4 {[%cal Rc5f2]} 9. Na4 $146 (9. h3 $142 Bxf2+ 10. Ke2) ({Predecessor:} 9. Nd1 Nc6 10. b4 Be7 11. Ne3 Nxe3 12. Bxe3 Qc7 13. Be2 d6 14. O-O e5 15. h3 {½-½ (52) Shankland,S (2642)-Yu,Y (2705) Doha 2014}) 9... Qa5+ $1 $11 {Black has an edge.} (9... Bxf2+ 10. Ke2 $16) 10. Ke2 {b4 is the strong threat.} Be7 ({Of course not} 10... Nxf2 11. b4 $14) 11. h3 Nf6 12. e5 Ne8 13. Bf4 Nc6 14. Re1 (14. Rd1 $11) 14... f6 {[%cal Rf6e5]} 15. b4 (15. Bd2 $15 Qxe5+ 16. Kd1) 15... Qc7 $17 {[%cal Rf6e5]} 16. exf6 (16. Kd1 $17 fxe5 17. Bxe5 Nxe5 18. Nxe5) 16... Qxf4 $19 17. fxe7 Nxe7 18. Nc5 Nc6 (18... Nd6 $19 19. Rd1 b6) 19. Rd1 (19. Nd3 $17 Nd4+ 20. Nxd4 Qxd4 21. Rc1) 19... d6 (19... b6 $19 20. Nb3 Bb7) 20. Nb3 (20. Ne4 $17) 20... e5 {And now ...e4 would win.} 21. Ke1 {[#]} (21. Qc1 $17) 21... e4 $1 {[%cal Re4f3]} 22. Nfd4 e3 $36 {[%cal Re3f2][%mdl 2048] Black is really pushing.} 23. Nf3 (23. Bd3 $142) 23... Nf6 24. Bd3 Ne5 25. Nxe5 {Hoping for Nf3.} exf2+ ({Not} 25... dxe5 26. fxe3 Qxe3+ 27. Qe2 $17) ({Don't play} 25... Qxe5 26. Nd4 $19) 26. Qxf2 $2 (26. Kf1 {was the only defense.} Qxe5 27. Nd4) 26... Qxe5+ 27. Be2 Qc3+ {[%mdl 64] [#] Double Attack} 28. Nd2 Ne4 {[%mdl 64] Discovered Attack} 29. Qh4 g5 {Accuracy: White = 24%, Black = 75%.} 0-1

[Event "Icelandic Open 2019"]
[Site "Akureyri"]
[Date "2019.06.01"]
[Round "9.3"]
[White "Stefansson, Hannes"]
[Black "Gunnarsson, Jon Viktor"]
[Result "1-0"]
[WhiteElo "2561"]
[BlackElo "2452"]
[Annotator "TA"]
[PlyCount "65"]
[EventDate "2019.05.25"]
[EventType "swiss"]
[EventCountry "ISL"]
[SourceTitle "playchess.com"]
[Source "ChessBase"]
[SourceQuality "1"]

{[%evp 20,65,57,52,52,50,50,20,50,35,15,16,45,43,99,84,102,60,76,50,110,100,209,180,214,218,342,277,422,402,464,464,414,326,310,310,1098,1119,1395,1397,4802,4802,4766,4132,1870,1816,1796,1744]} 1. d4 d5 2. c4 dxc4 3. Nf3 Nf6 4. e3 e6 5. Bxc4 c5 6. O-O Nc6 7. a3 cxd4 8. exd4 Be7 9. Nc3 O-O 10. Re1 Nd5 11. Qd3 Nxc3 {E54: Nimzo-Indian: Rubinstein: Main Line: 7...dxc4 8 Bxc4} 12. bxc3 b6 (12... Bf6 13. Bb3 Ne7 14. Bc2 Ng6 15. g3 Bd7 16. h4 Re8 17. Ng5 Bc6 18. Ne4 Be7 19. c4 {1-0 (34) Paragua,M (2500)-Antonio,R (2521) Ho Chi Minh City 2003}) 13. h4 Bb7 $146 {The position is equal.} ({Predecessor:} 13... Na5 14. Ba2 Bb7 15. Ng5 Bxg5 16. Bxg5 Qd6 17. Bb1 f5 18. Ba2 Rae8 19. f3 {1-0 (43) Dinstuhl,V (2410)-Trzaska,P (2206) Essen Borbeck 1999}) 14. Ng5 Bxg5 $1 15. Bxg5 Qd6 16. Ba2 Kh8 ({Black should try} 16... Ne7 $14) 17. Rad1 Rae8 18. h5 h6 19. Bh4 $40 {[%mdl 128] White attacks.} Na5 ({Much weaker is} 19... Qxa3 $6 20. Bb1 $18) ({Better is} 19... Bc8 $14) 20. c4 {[%cal Bc3c4,Bc4d5][%mdl 32]} f5 (20... Qf4 $16 {might work better.} 21. Bg3 Qg4) 21. Bg3 Qd8 {[#]} 22. d5 $1 exd5 (22... Bc8 {was called for.} 23. Qd2 Nb7) 23. cxd5 $18 Qd7 (23... Qg5 $142 24. Bd6 Rg8) 24. Re6 Qf7 25. Bd6 Rg8 26. Qe2 {Hoping for Be7.} Bc8 27. Re7 Ba6 $2 (27... Nb7) 28. Qxa6 {White is clearly winning.} ({Not} 28. Rxf7 Bxe2 29. Rc1 Bxh5 $16) 28... Rxe7 29. Bxe7 Qxe7 30. d6 {[%mdl 64] [#] Discovered Attack} Qd7 31. Bxg8 Kxg8 32. Qe2 Nb7 33. Qc4+ {Accuracy: White = 70%, Black = 32%.} 1-0